Statistiques concernant Les 5 Capitales les plus proches de Tripoli, Tunis, Alger et Rabat

Cliquez ici pour prendre le quiz!

Statistiques générales

  • Ce quiz a été pris 163 fois
  • Le résultat moyen est 8 sur 11

Statistiques - réponses

Réponse% Correct
Alger
95%
Tunis
94%
Rabat
92%
Madrid
90%
Tripoli
85%
Rome / Vatican
83%
Lisbonne
82%
La Valette
67%
Monaco
59%
Andorre-la-Vieille
48%
Tirana
39%

Distribution des résultats

Percentile par nombre de réponses

% des personnes avec chaque résultat

Votre développement - résultats

Vous n’avez pas pris ce quiz